| 000 | 00435pam a2200157 a 4500 | ||
|---|---|---|---|
| 020 |
_a978-085404-365-1 _c |
||
| 041 | _aeng | ||
| 082 |
_a615.19 _bSTR |
||
| 100 | _aStround, R M. | ||
| 245 |
_aComputational and Structural Approaches to drug Discovery _hTextual Documents |
||
| 260 |
_aCambridge _bRSC Publishing _c2008 |
||
| 300 | _a382. | ||
| 653 | _aPharmaceutical/Medicinal Chemistry | ||
| 700 | _aFiner-Moore, J. | ||
| 930 | _a3266 | ||
| 999 |
_c76532 _d76532 |
||